000 03346nac a2200337 a 4500
003 CO-PeBPM
005 20250801100723.0
007 ta
008 250801s2019 ck aob|| |||| 00| 0 spa d
020 _aISBN: 9789587940305
040 _aCO-PeBPM
_bspa
_cCO-PeBPM
_erda
041 _aspa
082 0 4 _a306.09861 R311r
_222
245 1 0 _aRecorridos de la historia cultural en Colombia
_c/ Edición académica Hernando Cepeda Sánchez, Sebastián Vargas Álvarez
250 _aPrimera edición
260 _aBogotá, Colombia
_b: Universidad Nacional de Colombia. Facultad de Ciencias Humanas
_b; Universidad del Rosario
_b; Pontifica Universidad Javeriana
_c, 2019
300 _a446 páginas
_bIlustraciones (algunas a color), diagramas, fotografías, mapas
_c24 centímetros
490 _aColección academia)
500 _aIncluye índice
500 _aContiene datos biográficos de autores y autoras al final del texto
520 _aEl libro recoge quince años de experiencias investigativas en el campo de la historia cultural. A modo de conmemoración, este volumen presenta trece textos producidos a lo largo de una década y media de labores académicas del grupo de investigación Prácticas Culturales, Representaciones e Imaginarios. Aunque inicialmente fue pensado como un equipo interesado en la discusión de obras claves para el campo de las ciencias sociales, el grupo devino en una comunidad académica identificada por su pasión hacia la historia cultural. En esta medida, gran parte de los documentos que componen este libro ofrecen un amplio panorama de su trayectoria general. Recorridos de la historia cultural en Colombia continúa el balance historiográfico reflexivo y propositivo expresado en las líneas de la historia cultural desde Colombia y publicado en el 2012. En esta ocasión han sido seleccionadas las investigaciones que los mismos autores han considerado como representativas de su trabajo. Si bien el volumen es amplio y variado, el énfasis en la historia cultural lo cohesiona. La obra está compuesta por diferentes contribuciones que representan diferentes maneras de entender y poner en práctica la historia cultural. Se han incluido dos capítulos propositivos de carácter analítico. A estos se suman investigaciones interesadas en el cuerpo, la sexualidad, la territorialidad y el espacio público. También se encontrarán capítulos destinados al estudio de las ideas, las mentalidades, los imaginarios, los conceptos y la producción de la memoria. Ocupan un lugar preponderante las nociones de resistencia, identidad, tácticas y estrategias. Difícilmente un lector puede encontrar tanta homogeneidad en una obra conformada por aportes tan diversos. La reflexión sobre la historia cultural en Colombia logra el cometido de atravesar sutilmente los profundos tejidos analíticos de las obras que constituyen este libro.
650 1 4 _aCultura - Historia
_2LEMB
_zColombia
650 1 4 _aHistoriografía
_2LEMB
_zColombia
650 1 4 _aHistoria Social
_2LEMB
_zColombia
650 1 4 _aRepresentaciones Sociales
_2LEMB
651 1 4 _aColombia - Vida Social y Costumbres
_2LEMB
700 1 _aCepeda Sánchez, Hernando
_eEditor
700 1 _aVargas Álvarez, Sebastián
_eEditor
942 _2ddc
_cBK
_n0
999 _c61101
_d61101